000 00444nam a2200181Ia 4500
005 20240823043529.0
008 240823s9999||||xx |||||||||||||| ||und||
041 _aENGLISH
082 _A519 N0
100 _aVenkatraman M K
245 0 _aEngineering Mathematics Volume One
250 _a2nd
260 _c1990
_b"NPC,Madras"
500 _aTRANSFERED
650 _aEngineering Mathematics
_bMathematics
942 _cBK
999 _c210441
_d210441